000 00800nas a2200265 4500
001 BR0705193
003 BR-BrBNA
005 20231205111146.0
007 ta
008 230509b bl.|||p| |||| 00| 00por d
040 _aBR-BrBNA
_bpor
_cBiblioteca Nacional de Agricultura
041 _a(Pt)
072 _aL70
100 1 _aLyra, T.M. de
100 1 _aSilva, J.A. da
100 1 _aModena, C.M.
245 1 _aParceria público-privada: A experiência na erradicação da febre aftosa no Brasil
_bSuplemento Técnico
650 _aAFTOSA
650 _aPARCERIA
650 _aERRADICAÇÃO
650 _aSANIDADE ANIMAL
773 0 _tRevista CFMV (Brazil)
_xISSN 1517-6959
_g(Sep-Dec 2005), v. 11(36) p. 19-26
_wBR0705193
909 _a202311
_bLúcia
_c55
_dLúcia Elande
942 _2AGRIS
_n0
_cANA
999 _c191019
_d191019